00499 2200181 4500001002100000005001700021006001900038008004100057020002200098035002500120090001400145100003100159245003900190260003700229990001700266990001700283990001700300INLIS00000000000858520160105104659.0a ||| | 180719| ||| |  a978-602-9329-01-8 a0010-091300000000077 a813 WID d0 aMuhammad Faikar Widjanarto00aKECIL-KECIL PUNYA KARYA DRAGON WAR aBandungbPT. mizan Pustakac2011 a8753/PN/2013 a9107/PN/2013 a8753/PN/2013